000 00355nam a2200157Ia 4500
005 20250411040502.0
008 240331s9999 xx 000 0 und d
020 _a9552002974
082 _bRAT
_a891
100 _aRatnayake,M.S
245 0 _aAkkayi mayi
260 _aColombo
_bGodage & Sons
_c1990
300 _a182 p .,
650 _aNovel
942 _cL
999 _c4926
_d4926